Assessment Report of the Current Tanzania Statistical System (Record no. 6738)
[ view plain ]
| 000 -LEADER | |
|---|---|
| fixed length control field | 00463nam a22001217a 4500 |
| 008 - FIXED-LENGTH DATA ELEMENTS--GENERAL INFORMATION | |
| fixed length control field | 200324b ||||| |||| 00| 0 eng d |
| 100 ## - MAIN ENTRY--PERSONAL NAME | |
| Personal name | United Republic of Tanzania |
| 245 ## - TITLE STATEMENT | |
| Title | Assessment Report of the Current Tanzania Statistical System |
| Remainder of title | June 2007 |
| Statement of responsibility, etc. | United Republic of Tanzania |
| Medium | English |
| 260 ## - PUBLICATION, DISTRIBUTION, ETC. (IMPRINT) | |
| Place of publication, distribution, etc. | Tanzania |
| Name of publisher, distributor, etc. | National Bureau of Statistics Ministry of Finance and Economic Affairs |
| Date of publication, distribution, etc. | 2007 |
| 300 ## - PHYSICAL DESCRIPTION | |
| Extent | 30p |
| Dimensions | 30 |
| 650 ## - SUBJECT ADDED ENTRY--TOPICAL TERM | |
| Source of heading or term | Statistics |
| 942 ## - ADDED ENTRY ELEMENTS (KOHA) | |
| Source of classification or shelving scheme | Dewey Decimal Classification |
| Koha item type | BOOKS |
No items available.
